| 000 | 00396nam a22001697a 4500 | ||
|---|---|---|---|
| 003 | OSt | ||
| 005 | 20211002143700.0 | ||
| 008 | 211002b |||||||| |||| 00| 0 eng d | ||
| 020 | _a0767405048 | ||
| 040 | _cHU | ||
| 082 |
_26th _a970.004OSW |
||
| 100 |
_aWindell H. Oswalt _99413 |
||
| 245 | _aTHIS LAND WAS THEIRS | ||
| 260 |
_aLondon _bMay field _c1998 |
||
| 300 | _a537 | ||
| 942 |
_2ddc _cBOOKS _n0 |
||
| 999 |
_c8767 _d8767 |
||